Evidence-based CBT supervision: Principles and practice (Record no. 26601)
[ view plain ]
| 000 -LEADER | |
|---|---|
| fixed length control field | 00507nam a2200181Ia 4500 |
| 008 - FIXED-LENGTH DATA ELEMENTS--GENERAL INFORMATION | |
| fixed length control field | 230917s9999||||xx |||||||||||||| ||und|| |
| 020 ## - ISBN | |
| Price | USD54.95 |
| 040 ## - CATALOGING SOURCE | |
| -- | 246850 |
| Original cataloging agency | VIVEKANANDA LIBRARY |
| 041 ## - Language | |
| -- | English |
| 082 ## - DDC NUMBER | |
| Classification number | 616.890092 M635E(2) |
| 100 ## - MAIN ENTRY--PERSONAL NAME | |
| Personal name | Milne, Derek L |
| 245 #0 - TITLE STATEMENT | |
| Title | Evidence-based CBT supervision: Principles and practice |
| 250 ## - EDITION STATEMENT | |
| Edition statement | 2nd ed. |
| 260 ## - PUBLICATION, DISTRIBUTION, ETC. (IMPRINT) | |
| Place of publication, distribution, etc | Hoboken |
| Name of publisher, distributor, etc | John Wiley |
| Date of publication, distribution, etc | 2018 |
| 300 ## - PHYSICAL DESCRIPTION | |
| Pages | xiv, 340 p. |
| 500 ## - GENERAL NOTE | |
| General note | 3096 03/05/2018 APD18/1075971 07/05/2018 Main Budget |
| 942 ## - ADDED ENTRY ELEMENTS (KOHA) | |
| Koha item type | Books |
| Withdrawn status | Lost status | Damaged status | Not for loan | Location (home branch) | Sublocation or collection (holding branch) | Date acquired | Koha issues (times borrowed) | Koha full call number | Accession No. | Koha date last seen | Koha item type |
|---|---|---|---|---|---|---|---|---|---|---|---|
| VIVEKANANDA LIBRARY | VIVEKANANDA LIBRARY | 26/06/2018 | 616.890092 M635E(2) | 369765 | 17/09/2023 | Books |
